La République et le régime parlamentaire / (Record no. 40787)

MARC details
000 -LEADER
campo de control de longitud fija 00488nam a2200169 i 4500
001 - NÚMERO DE CONTROL
campo de control 40787
003 - IDENTIFICADOR DE NÚMERO DE CONTROL
campo de control ES-MaACL
005 - FECHA Y HORA DE LA ÚLTIMA TRANSACCIÓN
campo de control 20230906160316.0
007 - CAMPO FIJO DE DESCRIPCIÓN FÍSICA--INFORMACIÓN GENERAL
campo de control de longitud fija t|
008 - DATOS DE LONGITUD FIJA--INFORMACIÓN GENERAL
campo de control de longitud fija 030307s1887 fr ||||1| fre d
100 1# - ENTRADA PRINCIPAL--NOMBRE DE PERSONA
Nombre de persona Carette, Albert.
9 (RLIN) 35230
245 13 - MENCIÓN DEL TÍTULO
Título La République et le régime parlamentaire /
Mención de responsabilidad, etc. Albert Carette.
260 ## - PUBLICACIÓN, DISTRIBUCIÓN, ETC.
Lugar de publicación, distribución, etc. Paris :
Nombre del editor, distribuidor, etc. Dentu,
Fecha de publicación, distribución, etc. 1887 (
Fabricante Aentu)
300 ## - DESCRIPCIÓN FÍSICA
Extensión III, 62 p. ;
Dimensiones 25 cm.
651 #4 - PUNTO DE ACCESO ADICIONAL DE MATERIA--NOMBRE GEOGRÁFICO
Nombre geográfico Francia-
Subdivisión general Política y gobierno.
9 (RLIN) 8706
852 ## - LOCALIZACIÓN
Ubicación ES-MaACL
Número de control de estantería T-505-F-4
Holdings
Estatus retirado Estado de pérdida Estado de daño No para préstamo Colección Biblioteca de origen Biblioteca actual Ubicación en estantería Fecha de adquisición Fuente de adquisición Total de préstamos Signatura topográfica completa Código de barras Visto por última vez Precio de reemplazo Tipo de ítem Koha
        Colección de folletos Biblioteca del Ateneo de Madrid Biblioteca del Ateneo de Madrid Depósito folletos 17/01/2008     T-505-F-4 1042936 23/02/2023 23/02/2023 Folleto